do you know LEO HENRIK MELIN? - Statistics

General Stats
  • This quiz has been taken 2 times
  • The average score is 12 of 14
Answer Stats
Question Answer % Correct
how many siblings 1
100%
how tall is leo? 182
100%
fav movie american psyco
100%
hair color brown like bear
100%
what is henriks hobbies? CS go (non pro satsning)
100%
sport that leo plays floorball
100%
fave place on earth japan (anime courters)
100%
talents solving rubiks cube
100%
lives in? tallkrogen
100%
fav tv show the office
100%
master at??? creating monopoly in monopoly
50%
fave artist dr dree
50%
fave cat fanny
50%
hogwards home ravenclaw
0%
No matching quizzes found
Score Distribution
Percent of People with Each Score
Percentile by Number Answered
Your Score History
You have not taken this quiz